Statistics for Simple Maths

Click here to take the quiz!

General Stats

  • This quiz has been taken 57 times
  • The average score is 14 of 15

Answer Stats

HintAnswer% Correct
4 - 84
100%
2 + 24
100%
6 - 104
100%
2 x 24
100%
28 + 1543
100%
2 - 11
98%
2 x 50100
98%
27 - 1611
98%
18 - 315
98%
4 x 416
98%
12 + 820
98%
3 x 721
98%
17 + 1229
98%
3 + 47
98%
When divided by x - 1, the polynomial P(x) = x5 + 2x3 +Ax + B, where A and B are constants, the remainder is equal to 2. When P(x) is divided by x + 3, the remainder is equal -314. Find A and B.P(1) = 15 + 2(13) +A*(1) + B = 2 : remainder theorem
P(-3) = (-3)5 + 2(-3)3 +A*(-3) + B = -314
A = 4 and B = -5 : solve the above systems of equations.
4%

Score Distribution

Percentile by Number Answered

Percent of People with Each Score

Your Score History

You have not taken this quiz